000 00491nam a22001937a 4500
005 20230331152854.0
008 230331b ||||| |||| 00| 0 eng d
040 _cAL
041 _aeng
082 _a385/7
_bMAJC
100 _aM Majumdar
_981114
245 _aCommercial correspondence
260 _aCalcutta
_bBookland Pvt Ltd
_c1965
300 _a336p.
_bPB
_c18x12cm.
365 _2Commerce
650 _aCorrespondence
_981115
700 _aMAJUMDAR (M)
_981116
942 _2ddc
_cBB
999 _c227124
_d227124